000 01177cam a2200361 a 4500
999 _c222872
_d222872
001 540643915
003 OCoLC
005 20170807134641.0
008 100303r20102003ilua a 000 1 eng
010 _a2010002094
020 _a9780807505083
020 _a0807505080
035 _a(OCoLC)540643915
_z(OCoLC)645362634
040 _aDLC
_beng
_cDLC
_dIG#
_dZS3
_dJAI
_dMZ3
_dOCLCQ
_dBDX
_dHFU
_erda
042 _alcac
_apcc
050 0 0 _aPZ7.O2167
_bBab 2010
082 0 0 _a[E]
_222
092 _aE
_bBOARD, Oc5b
100 1 _aO'Connell, Rebecca,
_d1968-
_95727131
245 1 4 _aThe baby goes beep /
_cRebecca O'Connell ; pictures by Ken Wilson-Max.
250 _aAlbert Whitman board book ed.
260 _a[Chicago, Ill.] :
_bAlbert Whitman,
_c2010.
264 _a[Chicago, Ill.] :
_bAlbert Whitman,
_c2010.
300 _a1 v. (unpaged) :
_bcol. ill. ;
_c21 cm.
336 _atext
337 _aunmediated
338 _avolume
500 _aCover title.
520 _aA baby makes various sounds as he explores the world around him.
650 0 _aInfants
_vJuvenile fiction.
_95687508
650 0 _aSound
_vJuvenile fiction.
_95727132
650 0 _aParent and child
_vJuvenile fiction.
_95689351
650 0 _aBoard books
_vJuvenile fiction.
_95689354
655 0 _aBoard books.
_95673758
700 1 _aWilson-Max, Ken,
_eillustrator.
_932540
907 _a.b245908225
942 _2ddc
_cBOOK